00531nam a2200193 a 4500001001300000003000900013005001700022008004100039020002300080082001300103100001700116245006000133260003700193300000900230500003500239505002800274650001800302700001700320nice12345678IN_TiNIC20260116013714.0050524s1994 newa grp 000 0 eng  a8185990 c10000a954bKAK aKak, Subhash aIndia at Century`s Endb Essays on History and Politics aNew DelhibVoice of India c1994 a214p aincludes index and biblioraphy2 aforword by mahmud ayoub aIndia-History1 aKak, Subhash